[Event "Amager Spring C"]
[Site "Amager"]
[Date "2010.05.11"]
[Round "1"]
[White "Justesen, Martin"]
[Black "Herup, Charni"]
[Result "1-0"]
[WhiteElo "1589"]
[BlackElo "1491"]
[PlyCount "61"]
[EventDate "2010.05.11"]
[EventType "tourn"]
[EventRounds "5"]
[EventCountry "DEN"]
[SourceTitle "EXT 2023"]
[Source "ChessBase"]
[SourceDate "2022.10.05"]
[SourceVersion "1"]
[SourceVersionDate "2022.10.05"]
[SourceQuality "1"]

1. d4 Nc6 2. d5 Ne5 3. e4 e6 4. f4 Ng6 5. dxe6 fxe6 6. Nf3 Bc5 7. Nc3 a6 8. Bd3 Nh4 9. Nxh4 Qxh4+ 10. g3 Qh3 11. Bf1 Qh6 12. Qf3 Ne7 13. Bd2 Qf6 14. Qh5+ g6 15. Qxc5 0-0 16. Qxc7 Nc6 17. 0-0-0 Rb8 18. Qd6 b5 19. e5 Qd8 20. Ne4 Rf7 21. h4 Bb7 22. Rh2 Ba8 23. Nf6+ Kg7 24. h5 gxh5 25. Rxh5 Kh8 26. Bd3 Na7 27. Bxh7 Bf3 28. Rdh1 Bxh5 29. Rxh5 Rxf6 30. exf6 Qb6 31. Qxb6 1-0

[Event "Amager CC-ch"]
[Site "Amager"]
[Date "2010.03.23"]
[Round "2"]
[White "Brorsen, Jacob Abildlund"]
[Black "Herup, Charni"]
[Result "1-0"]
[WhiteElo "1991"]
[BlackElo "1369"]
[PlyCount "49"]
[EventDate "2010.01.19"]
[EventType "swiss"]
[EventRounds "7"]
[EventCountry "DEN"]
[SourceTitle "EXT 2023"]
[Source "ChessBase"]
[SourceDate "2022.10.05"]
[SourceVersion "1"]
[SourceVersionDate "2022.10.05"]
[SourceQuality "1"]

1. d4 Nc6 2. c4 e5 3. d5 Nce7 4. Nc3 Ng6 5. Nf3 a6 6. h4 h5 7. Bg5 Be7 8. Qc2 Bxg5 9. hxg5 d6 10. e3 Bg4 11. Rg1 Bxf3 12. gxf3 h4 13. Bh3 N8e7 14. Qe4 c6 15. f4 exf4 16. exf4 Qb6 17. Rb1 c5 18. f5 Ne5 19. f4 Nd7 20. Kf2 Kd8 21. Rge1 Re8 22. Qf3 Qb4 23. Re4 Nb6 24. Qe2 Kc7 25. Rxe7+ 1-0

[Event "Amager CC-ch"]
[Site "Amager"]
[Date "2010.03.09"]
[Round "5"]
[White "Herup, Charni"]
[Black "Nielsen, Jens Holm"]
[Result "0-1"]
[WhiteElo "1369"]
[BlackElo "1754"]
[PlyCount "92"]
[EventDate "2010.01.19"]
[EventType "swiss"]
[EventRounds "7"]
[EventCountry "DEN"]
[SourceTitle "EXT 2023"]
[Source "ChessBase"]
[SourceDate "2022.10.05"]
[SourceVersion "1"]
[SourceVersionDate "2022.10.05"]
[SourceQuality "1"]

1. d4 d6 2. e4 Nf6 3. Nc3 g6 4. f3 Bg7 5. Be3 c6 6. Qd2 Qc7 7. Bh6 0-0 8. h4 e5 9. dxe5 dxe5 10. h5 Be6 11. hxg6 fxg6 12. Bxg7 Kxg7 13. Qh6+ Kg8 14. Nh3 Qg7 15. Qxg7+ Kxg7 16. 0-0-0 Bxh3 17. Rxh3 Nbd7 18. g4 Nc5 19. Be2 Ne6 20. Rdh1 Nf4 21. R3h2 h5 22. Bd1 hxg4 23. fxg4 Rh8 24. Rxh8 Rxh8 25. Rxh8 Kxh8 26. Bf3 Kg7 27. Kd2 Kh6 28. Nd1 Kg5 29. Nf2 Kh4 30. Ke3 Nh7 31. b4 Ng5 32. Nd3 Nxd3 33. cxd3 Kg3 34. Bd1 Ne6 35. a3 Nd4 36. Kd2 Kf4 37. a4 b5 38. Kc3 Ke3 39. g5 Kf4 40. axb5 cxb5 41. Bb3 Nxb3 42. Kxb3 Kxg5 43. Kc3 Kf6 44. d4 exd4+ 45. Kxd4 Ke6 46. e5 g5 0-1

[Event "Amager CC-ch"]
[Site "Amager"]
[Date "2010.03.02"]
[Round "4"]
[White "Herup, Charni"]
[Black "Jensen, Thore Nyboe"]
[Result "0-1"]
[WhiteElo "1369"]
[BlackElo "2039"]
[PlyCount "50"]
[EventDate "2010.01.19"]
[EventType "swiss"]
[EventRounds "7"]
[EventCountry "DEN"]
[SourceTitle "EXT 2023"]
[Source "ChessBase"]
[SourceDate "2022.10.05"]
[SourceVersion "1"]
[SourceVersionDate "2022.10.05"]
[SourceQuality "1"]

1. d4 Nf6 2. Nc3 d5 3. e4 Nxe4 4. Nxe4 dxe4 5. Bc4 c5 6. Qh5 e6 7. d5 Qf6 8. c3 Be7 9. Be3 0-0 10. 0-0-0 Rd8 11. Nh3 Qf5 12. Qxf5 exf5 13. Bg5 Bxg5+ 14. Nxg5 Rd6 15. Rhe1 Nd7 16. Bb3 h6 17. Nh3 Nf6 18. f3 b5 19. c4 bxc4 20. Bxc4 Bb7 21. fxe4 fxe4 22. Nf2 Re8 23. Bb5 Re7 24. Bc6 Bxc6 25. dxc6 Rxc6 0-1

[Event "Amager Spring"]
[Site "Amager"]
[Date "2009.06.09"]
[Round "5"]
[White "Gade, Jens"]
[Black "Herup, Charni"]
[Result "1-0"]
[WhiteElo "1468"]
[BlackElo "1425"]
[PlyCount "77"]
[EventDate "2009.05.05"]
[EventType "swiss"]
[EventRounds "5"]
[EventCountry "DEN"]
[SourceTitle "EXT 2023"]
[Source "ChessBase"]
[SourceDate "2022.10.05"]
[SourceVersion "1"]
[SourceVersionDate "2022.10.05"]
[SourceQuality "1"]

1. e4 Nc6 2. Nc3 Nf6 3. Nf3 d6 4. d4 e6 5. Bd3 Be7 6. 0-0 0-0 7. a3 a6 8. Re1 e5 9. d5 Nb8 10. Na2 Bg4 11. c4 Nbd7 12. b4 Re8 13. Qe2 b6 14. Qe3 Nf8 15. Bb2 Qd7 16. Nd2 Bh5 17. h3 Ng6 18. Nf1 Nf4 19. Bc2 Bg6 20. Ng3 N6h5 21. Bd1 Bg5 22. Nxh5 Nxg2 23. Qxg5 Nxe1 24. Bg4 f5 25. exf5 Bxh5 26. Qxh5 Nd3 27. f6 Qf7 28. Qxf7+ Kxf7 29. Bc3 gxf6 30. Bh5+ Kg7 31. Bxe8 Rxe8 32. Kg2 Kh6 33. Bd2+ Kh5 34. Nc3 f5 35. f3 Rg8+ 36. Kh2 Nb2 37. Ne2 f4 38. Rc1 Rg3 39. Nxg3+ 1-0

[Event "Amager CC-ch"]
[Site "Amager"]
[Date "2009.04.14"]
[Round "9"]
[White "Herup, Charni"]
[Black "Nielsen, Bjorn1111"]
[Result "1-0"]
[WhiteElo "1485"]
[BlackElo "1083"]
[PlyCount "23"]
[EventDate "2009.01.20"]
[EventType "swiss"]
[EventRounds "9"]
[EventCountry "DEN"]
[SourceTitle "EXT 2023"]
[Source "ChessBase"]
[SourceDate "2022.10.05"]
[SourceVersion "1"]
[SourceVersionDate "2022.10.05"]
[SourceQuality "1"]

1. d4 d5 2. e4 dxe4 3. Nc3 Nf6 4. f3 exf3 5. Nxf3 e6 6. Bg5 Be7 7. Bd3 0-0 8. 0-0 Nbd7 9. Qe1 b6 10. Qh4 g6 11. Ne5 Re8 12. Nc6 1-0

[Event "Amager CC-ch"]
[Site "Amager"]
[Date "2009.03.24"]
[Round "7"]
[White "Herup, Charni"]
[Black "Larsen, Ulrik Jejlskov"]
[Result "1-0"]
[WhiteElo "1485"]
[BlackElo "1638"]
[PlyCount "112"]
[EventDate "2009.01.20"]
[EventType "swiss"]
[EventRounds "9"]
[EventCountry "DEN"]
[SourceTitle "EXT 2023"]
[Source "ChessBase"]
[SourceDate "2022.10.05"]
[SourceVersion "1"]
[SourceVersionDate "2022.10.05"]
[SourceQuality "1"]

1. e4 d5 2. exd5 Qxd5 3. Nc3 Qa5 4. d4 Nf6 5. Bd2 c6 6. Bc4 Bf5 7. Qf3 e6 8. d5 Bg4 9. Qg3 Qc5 10. Qc7 Nbd7 11. Qxb7 Rb8 12. Qxc6 exd5 13. Qxc5 Bxc5 14. Nxd5 Nxd5 15. Bxd5 Rxb2 16. Bb3 Bd4 17. c3 Bf6 18. h3 Bf5 19. Nf3 Be4 20. Rd1 Bc2 21. Bxc2 Rxc2 22. 0-0 0-0 23. Be3 Nb6 24. Bd4 Bxd4 25. cxd4 Rxa2 26. Ra1 Rxa1 27. Rxa1 Ra8 28. Ra6 f6 29. g4 Kf7 30. Kf1 Nd5 31. Ke1 g5 32. Kd2 Nb4 33. Ra4 a5 34. Kc3 Ke6 35. Kc4 Nd5 36. Kb3 Nb6 37. Ra2 a4+ 38. Kb4 Nd5+ 39. Ka3 Rc8 40. Re2+ Kd6 41. Nd2 Kd7 42. Ne4 Rc4 43. Nc5+ Kc7 44. Nxa4 Rxa4+ 45. Kxa4 Nc3+ 46. Kb4 Nxe2 47. Kc4 Nf4 48. Kc5 Nxh3 49. f3 Ng1 50. Kd5 Nxf3 51. Ke6 Nxd4+ 52. Kxf6 Nf3 53. Kg7 Kd6 54. Kxh7 Ke5 55. Kg6 Kf4 56. Kh5 Nh2 1-0

[Event "Amager CC-ch"]
[Site "Amager"]
[Date "2009.03.10"]
[Round "5"]
[White "Friis, Jordy Ar"]
[Black "Herup, Charni"]
[Result "1/2-1/2"]
[WhiteElo "1427"]
[BlackElo "1485"]
[PlyCount "45"]
[EventDate "2009.01.20"]
[EventType "swiss"]
[EventRounds "9"]
[EventCountry "DEN"]
[SourceTitle "EXT 2023"]
[Source "ChessBase"]
[SourceDate "2022.10.05"]
[SourceVersion "1"]
[SourceVersionDate "2022.10.05"]
[SourceQuality "1"]

1. e4 Nc6 2. d4 e5 3. dxe5 Nxe5 4. Nf3 Nxf3+ 5. Qxf3 d6 6. Nc3 Nf6 7. Bd3 Be7 8. Bf4 0-0 9. 0-0 c6 10. Qe2 Bg4 11. Qe3 Be6 12. Rad1 Nh5 13. Bg3 Nxg3 14. Qxg3 Bf6 15. Be2 Bxc3 16. Qxc3 Qe7 17. a3 d5 18. exd5 Bxd5 19. Rfe1 Qg5 20. Bf3 Bxf3 21. Qxf3 Rfe8 22. Qc3 Qf5 23. Qb3 1/2-1/2

[Event "Amager CC-ch B"]
[Site "Amager"]
[Date "2008.04.01"]
[Round "8"]
[White "Herup, Charni"]
[Black "Friis, Jordy Ar"]
[Result "1-0"]
[WhiteElo "1379"]
[BlackElo "1218"]
[PlyCount "45"]
[EventDate "2008.03.23"]
[EventType "tourn"]
[EventRounds "9"]
[EventCountry "DEN"]
[SourceTitle "EXT 2023"]
[Source "ChessBase"]
[SourceDate "2022.10.05"]
[SourceVersion "1"]
[SourceVersionDate "2022.10.05"]
[SourceQuality "1"]

1. d4 Nf6 2. Nc3 d5 3. e4 Nxe4 4. Nxe4 dxe4 5. Bc4 e5 6. Qh5 Qf6 7. Bg5 Qg6 8. Qh4 exd4 9. 0-0-0 Nc6 10. Ne2 Be7 11. Bxe7 Nxe7 12. Rxd4 Be6 13. Bxe6 Qxe6 14. Rxe4 Qd6 15. Rd1 Qc5 16. Rd5 Qb4 17. Rxb4 Nxd5 18. Re4+ Kf8 19. c4 Nf6 20. Re3 Re8 21. Rxe8+ Kxe8 22. Qg3 Ke7 23. Qxc7+ 1-0

[Event "Amager CC-ch B"]
[Site "Amager"]
[Date "2008.03.29"]
[Round "2"]
[White "Christiansen, Peter1111"]
[Black "Herup, Charni"]
[Result "1-0"]
[WhiteElo "1450"]
[BlackElo "1379"]
[PlyCount "65"]
[EventDate "2008.03.23"]
[EventType "tourn"]
[EventRounds "9"]
[EventCountry "DEN"]
[SourceTitle "EXT 2023"]
[Source "ChessBase"]
[SourceDate "2022.10.05"]
[SourceVersion "1"]
[SourceVersionDate "2022.10.05"]
[SourceQuality "1"]

1. e4 Nc6 2. Nf3 d6 3. d4 Bg4 4. Be2 Bxf3 5. Bxf3 e5 6. c3 b5 7. a4 a6 8. d5 Nce7 9. axb5 axb5 10. Rxa8 Qxa8 11. Na3 Qa4 12. Qxa4 bxa4 13. Bd1 f5 14. Bxa4+ Kd8 15. f3 Nf6 16. Bc2 c6 17. dxc6 Nxc6 18. exf5 d5 19. 0-0 Bd6 20. Rd1 h6 21. h3 Ke7 22. Nb5 Rb8 23. Nxd6 Kxd6 24. b3 Rc8 25. Ba3+ Kd7 26. Bb2 Ke7 27. g4 Rd8 28. b4 Rc8 29. Ba4 Nd8 30. Bb3 Kd6 31. Ra1 e4 32. fxe4 Nxe4 33. Ra6+ 1-0

[Event "Amager Spring"]
[Site "Amager"]
[Date "2007.05.22"]
[Round "3"]
[White "Jorgensen, Niels Christian"]
[Black "Herup, Charni"]
[Result "1-0"]
[WhiteElo "1423"]
[BlackElo "1225"]
[PlyCount "83"]
[EventDate "2007.05.08"]
[EventType "swiss"]
[EventRounds "5"]
[EventCountry "DEN"]
[SourceTitle "EXT 2023"]
[Source "ChessBase"]
[SourceDate "2022.10.05"]
[SourceVersion "1"]
[SourceVersionDate "2022.10.05"]
[SourceQuality "1"]

1. e4 d5 2. exd5 Qxd5 3. Nc3 Qa5 4. b4 Qxb4 5. Rb1 Qd6 6. Nf3 Nf6 7. Nb5 Qd8 8. Bb2 a6 9. Nbd4 e6 10. Be2 Be7 11. 0-0 0-0 12. Re1 b5 13. c3 Bb7 14. Nb3 c5 15. d4 c4 16. Nbd2 Re8 17. Qc2 Qc7 18. Ng5 h6 19. Nge4 Nbd7 20. Bf3 Rad8 21. Bc1 Nd5 22. Ng3 N7f6 23. Nde4 Nxe4 24. Nxe4 f5 25. Ng3 Bd6 26. Nf1 Rd7 27. Bh5 Ree7 28. Bf3 g5 29. h3 Qb8 30. Ne3 Nf4 31. Nxf5 exf5 32. Bxf4 Bxf4 33. Qxf5 Rh7 34. Qg6+ Kf8 35. Qf6+ Kg8 36. Bh5 Rd8 37. Qg6+ Kh8 38. Re2 Qa8 39. Rbe1 Bc6 40. Qf6+ Kg8 41. Re7 Rf8 42. Qg6+ 1-0

[Event "Amager Spring"]
[Site "Amager"]
[Date "2007.05.08"]
[Round "1"]
[White "Herup, Charni"]
[Black "Jacobsen, Mads Holger"]
[Result "0-1"]
[WhiteElo "1225"]
[BlackElo "1250"]
[PlyCount "80"]
[EventDate "2007.05.08"]
[EventType "swiss"]
[EventRounds "5"]
[EventCountry "DEN"]
[SourceTitle "EXT 2023"]
[Source "ChessBase"]
[SourceDate "2022.10.05"]
[SourceVersion "1"]
[SourceVersionDate "2022.10.05"]
[SourceQuality "1"]

1. d4 Nf6 2. f3 g6 3. e4 d6 4. Nc3 Bg7 5. Be3 0-0 6. Qd2 Nc6 7. 0-0-0 e5 8. dxe5 dxe5 9. Qxd8 Rxd8 10. Rxd8+ Nxd8 11. Bc4 Be6 12. Bd3 c6 13. g4 h6 14. h4 Nd7 15. f4 exf4 16. Bxf4 Bxg4 17. Bd2 Ne5 18. Be2 Bxe2 19. Ngxe2 Ne6 20. a3 Nc4 21. Be1 Rd8 22. Rh3 Nd4 23. Nxd4 Bxd4 24. Rd3 Be3+ 25. Kb1 Rxd3 26. cxd3 Ne5 27. Kc2 Bf4 28. Ne2 Be3 29. Bg3 Ng4 30. b4 Bf2 31. Bf4 Bxh4 32. d4 g5 33. Bg3 Bxg3 34. Nxg3 Nf6 35. Kd3 Kg7 36. e5 Nd5 37. Ke4 Kg6 38. Kd3 h5 39. Ke4 h4 40. Nf1 g4 0-1